00190nam a22000977a 4500003000400000082001300004100001600017245002000033260003100053300000800084SGT a370bBEA aBEATON, M.C aDEATH OF A SNOB aNY. USAbIVY. BOOKS c1992 a148